Revaltime pulpit: (Record no. 14215)

000 -LEADER
fixed length control field 00625nam a2200193 a 4500
001 - CONTROL NUMBER
control field :::00012042$&:&@@
003 - CONTROL NUMBER IDENTIFIER
control field OkBaRHE
005 - DATE AND TIME OF LATEST TRANSACTION
control field 20000607103415.0
008 - FIXED-LENGTH DATA ELEMENTS--GENERAL INFORMATION
fixed length control field s1976 j 000 0 eng u
040 ## - CATALOGING SOURCE
Transcribing agency
100 1# - MAIN ENTRY--PERSONAL NAME
Personal name Ward, C. M. (Charles Morris).
245 10 - TITLE STATEMENT
Title Revaltime pulpit:
Remainder of title no. 20.
260 ## - PUBLICATION, DISTRIBUTION, ETC. (IMPRINT)
Place of publication, distribution, etc Springfield, MO., :
Name of publisher, distributor, etc Assemblies of God National Radio-TV Department
Date of publication, distribution, etc c1976
300 ## - PHYSICAL DESCRIPTION
Extent 324 p. ;
Dimensions 22 cm.
650 ## - SUBJECT ADDED ENTRY--TOPICAL TERM
Topical term or geographic name as entry element Assemblies of God
General subdivision Sermons
650 ## - SUBJECT ADDED ENTRY--TOPICAL TERM
Topical term or geographic name as entry element Sermons, American
942 ## - ADDED ENTRY ELEMENTS (KOHA)
Source of classification or shelving scheme
Koha item type Books
Copies
Koha item type Full call number Date last seen Date acquired Withdrawn status Not for loan Damaged status Copy number Lost status Price effective from Permanent Location Source of classification or shelving scheme Barcode Shelving location
BooksBX 8769 .W322010-04-142010-04-14   1 2010-04-14RHEMA Bible Training College 12042General Stacks